000 00529nmm a2200169Ia 4500
008 251105s9999||||xx |||||||||||||||||und||
020 _a9789586487245
041 _aspa
100 _aRamírez Salazar, Maria del Pilar
245 0 _aInnovación en gestión de eventos organizacionales
264 _a[Bogotá, Colombia] :
_bEcoe Ediciones,
_c2011
300 _a104 páginas
490 _aCiencias Administrativas
650 _aEconomics and Business
856 _uhttps://public.digitaliapublishing.com/a/29979
942 _cCF
999 _c95345
_d95345